000 00694cam a22002293a 4500
001 27432
003 PGUSA
005 20140828083607.0
008 081207s2008||||xxu|||||s|||||000 1 eng d
040 _aPGUSA
_beng
042 _adc
050 4 _aPR
100 1 _aFord, Ford Madox,
_d1873-1939
245 1 4 _aThe Fifth Queen Crowned
_h[electronic resource] /
_cFord Madox Ford
260 _bProject Gutenberg,
_c2008
506 _aPublic domain in the USA.
516 _aElectronic text
653 _aCatharine Howard, Queen, consort of Henry VIII, King of England, -1542 -- Fiction
830 0 _aProject Gutenberg
_v27432
856 4 0 _uhttp://www.gutenberg.org/ebooks/27432
942 _cEB
999 _c256687
_d256687